|
|
|
|
| LEADER |
00728nab a2200181 i 4500 |
| 001 |
misc48086 |
| 005 |
20211025161004.0 |
| 008 |
200423s1997 hu o 0|| hun d |
| 022 |
|
|
|a 1219-8153
|
| 040 |
|
|
|a SZTE Miscellanea Repozitórium
|b hun
|
| 041 |
|
|
|a hun
|
| 100 |
1 |
|
|a Kristó Gyula
|
| 245 |
1 |
2 |
|a A Honfoglalástól az Államalapításig
|h [elektronikus dokumentum] :
|b uralmi viszonyok X. században /
|c Kristó Gyula
|
| 260 |
|
|
|a Hírlap Press Kft.
|b Dunaújváros
|c 1997-09-13
|
| 490 |
0 |
|
|a Dunaújvárosi hírlap : regionális napilap
|v 8
|
| 561 |
|
|
|a Kristó Gyula újságkivágatok
|
| 695 |
|
|
|a Magyarország történelme – 9-10. sz., Államalapítás
|
| 856 |
4 |
0 |
|u http://misc.bibl.u-szeged.hu/48086/1/018.pdf
|z Dokumentum-elérés
|